信長の野望・武将風雲録の大名 - Statistics

General Stats
  • This quiz has been taken 132 times
  • The average score is 48 of 96
Answer Stats
居城 名前 % Correct
尾張 清洲城 織田信長
96%
伊勢 安濃津城 織田信長
96%
美濃 岐阜城 織田信長
96%
尾張 清洲城 織田信長
96%
伊賀 観音寺城 織田信長
96%
甲斐 躑躅ヶ崎館 武田信玄
95%
信濃 海津城 武田信玄
95%
越後 春日山城 上杉謙信
93%
甲斐 躑躅ヶ崎館 武田信玄
88%
駿河 駿府城 武田信玄
88%
信濃 海津城 武田信玄
88%
駿河 駿府城 今川義元
86%
遠江 掛川城 今川義元
86%
三河 岡崎城 今川義元
86%
越後 春日山城 上杉謙信
86%
上野 平井城 上杉謙信
86%
越中 富山城 上杉謙信
86%
遠江 掛川城 徳川家康
85%
三河 岡崎城 徳川家康
85%
安芸 吉田郡山城 毛利元就
84%
石見 温湯城 毛利元就
84%
出雲 月山富田城 毛利元就
84%
安芸 吉田郡山城 毛利元就
84%
石見 温湯城 毛利元就
84%
周防 且山城 毛利元就
84%
相模 小田原城 北条氏康
82%
下総 国府台城 北条氏康
82%
武蔵 滝山城 北条氏康
82%
相模 小田原城 北条氏康
82%
近江 小谷城 浅井長政
80%
越前 一乗谷城 朝倉義景
79%
越前 一乗谷城 朝倉義景
79%
薩摩 鹿児島城 島津義久
74%
豊後 臼杵城 大友宗麟
72%
土佐 岡豊城 長宗我部元親
72%
美濃 稲葉山城 斎藤道三
70%
豊後 臼杵城 大友宗麟
70%
出羽 山形城 最上義光
67%
肥前 柳河城 龍造寺隆信
59%
山城 二条城 足利義昭
59%
肥前 柳河城 龍造寺隆信
59%
陸奥 岩出山城 伊達輝宗
57%
常陸 太田城 佐竹義重
57%
大和 信貴山城 三好長慶
56%
摂津 若江城 三好長慶
56%
讃岐 虎丸城 三好長慶
56%
阿波 勝瑞城 三好長慶
56%
加賀 尾山御坊 本願寺光佐
54%
山城 二条城 足利義輝
54%
出雲 月山富田城 尼子晴久
54%
加賀 尾山御坊 本願寺光佐
54%
薩摩 鹿児島城 島津貴久
53%
安房 久留里城 里見義尭
45%
安房 久留里城 里見義尭
45%
近江 小谷城 浅井久政
44%
陸奥 岩出山城 伊達晴宗
38%
備前 岡山城 宇喜多直家
38%
備前 岡山城 宇喜多直家
38%
伊賀 観音寺城 六角義賢
36%
土佐 岡豊城 長宗我部国親
36%
出羽 山形城 最上義守
35%
常陸 太田城 佐竹義昭
35%
飛騨 松倉城 姉小路頼綱
33%
陸前 黒川城 蘆名盛氏
32%
上野 平井城 上杉憲政
31%
伊勢 安濃津城 北畠具教
23%
肥後 人吉城 相良義陽
21%
日向 飫肥城 伊東義祐
20%
日向 飫肥城 伊東義祐
20%
飛騨 松倉城 姉小路良頼
17%
丹波 八上城 波多野秀治
15%
大和 信貴山城 三好義継
14%
摂津 若江城 三好義継
14%
讃岐 虎丸城 三好義継
14%
阿波 勝瑞城 三好義継
14%
能登 七尾城 畠山義綱
13%
越中 富山城 神保長職
11%
紀伊 雑賀城 鈴木佐大夫
11%
紀伊 雑賀城 鈴木佐大夫
11%
下野 唐沢山城 宇都宮広綱
10%
周防 且山城 大内義長
10%
下野 唐沢山城 宇都宮広綱
10%
丹後 八田城 一色義道
9%
因幡 鳥取城 山名豊国
9%
伊予 湯築城 河野通宣
7%
伊予 湯築城 河野通宣
7%
播磨 三木城 赤松義祐
6%
播磨 三木城 赤松義祐
6%
能登 七尾城 畠山義慶
5%
丹波 八上城 波多野晴通
4%
肥後 人吉城 相良晴広
4%
陸前 黒川城 蘆名盛興
4%
下総 国府台城 結城政勝
2%
武蔵 滝山城 上杉憲賢
2%
丹後 八田城 一色義幸
2%
因幡 鳥取城 山名豊定
1%
No matching quizzes found
Score Distribution
Percent of People with Each Score
Percentile by Number Answered
Your Score History
You have not taken this quiz